000 00711nam a2200253Ia 4500
003 OSt
005 20221005052407.0
006 a|||||r|||| 00| 0
007 ta
008 221004b |||||||| |||| 00| 0 eng d
024 _a47734
037 _cTextual
040 _aCRL
_cCRL
_beng
041 _2eng
_aeng
082 _aT15:(R422), M5
100 _aTopping Keith Ed.
_9596764
245 0 _aParental involvement in childern's reading
260 _aLondon
_bCroom Helm
_c1985
300 _a333p
_ccm.
650 _aEDUCATION
700 _a Wolfendale Sheila Ed.
_9596765
942 _hT15:(R422), M5
_cTEXL
_2cc
999 _c960354
_d960354